|
|
|
|
| LEADER |
02392njm a2200613 a 4500 |
| 001 |
000239185 |
| 003 |
CZ BrMZK |
| 005 |
20160804140455.0 |
| 008 |
010907s1962 xr f ita d |
| 028 |
0 |
1 |
|a DV 5860
|b Supraphon
|
| 040 |
|
|
|a BOA001
|b cze
|
| 080 |
|
|
|a 784.1087.684(086.7)
|2 MRF
|
| 100 |
1 |
|
|a Monteverdi, Claudio,
|d 1567-1643
|7 jn19990005799
|4 cmp
|
| 245 |
1 |
0 |
|a Výběr madrigalů
|h [zvukový záznam] /
|c Orlando di Lasso, Claudio Monteverdi.
|
| 246 |
3 |
3 |
|a Zefiro torna
|
| 246 |
3 |
3 |
|a Grave de l'etá
|
| 246 |
3 |
3 |
|a Nuict froide et sombre
|
| 246 |
3 |
3 |
|a Amor, che ved'ogni pensier aperto
|
| 246 |
3 |
3 |
|a Ardo, si
|
| 246 |
3 |
3 |
|a Come la notte ogni fiammella é viva
|
| 246 |
3 |
3 |
|a Cor mio mentre vi miro
|
| 246 |
3 |
3 |
|a Gallans qui par terre et par mer
|
| 246 |
3 |
3 |
|a Hor vi riconfortate
|
| 246 |
3 |
3 |
|a Io mi son giovinetta
|
| 246 |
3 |
3 |
|a Lasciate mi morire
|
| 246 |
3 |
3 |
|a Mattona mia cara
|
| 246 |
3 |
3 |
|a O faible esprit
|
| 246 |
3 |
3 |
|a O primavera
|
| 246 |
3 |
3 |
|a Ohimé!
|
| 246 |
3 |
3 |
|a Parlo miser o taccio
|
| 246 |
3 |
3 |
|a Quand mon mari
|
| 246 |
3 |
3 |
|a Sfogavva con le stelle
|
| 246 |
3 |
3 |
|a Si ch'io vorrei morire
|
| 260 |
|
|
|a Praha :
|b Supraphon,
|c 1962
|
| 300 |
|
|
|a 1 LP deska :
|b 33 ot/min ;
|c 30 cm
|
| 490 |
1 |
|
|a Gramofonový klub : základní řada
|
| 500 |
|
|
|a Durata neuv
|
| 500 |
|
|
|a Nahr. neuv
|
| 505 |
0 |
|
|a O primavera, Si, ch'io vorei morire, Ohimé!.
|
| 511 |
0 |
|
|a Zuzana Růžičková, cembalo; Milada Boublíková, zpěv; Marie Němcová, zpěv;...[et al.]. Noví pěvci madrigalů a komorní hudby, sbormistr Miroslav Venhoda
|
| 653 |
0 |
|
|a madrigaly
|a smíšené sbory
|a villanelly
|a šansony
|
| 700 |
1 |
|
|a Růžičková, Zuzana,
|d 1927-2017
|7 jn19981002104
|4 prf
|
| 700 |
1 |
|
|a Venhoda, Miroslav,
|d 1915-1987
|7 jn19990010019
|4 aut
|
| 700 |
1 |
|
|a Lasso, Orlando di,
|d asi 1532-1594
|7 jn20000603669
|4 cmp
|
| 700 |
1 |
|
|a Boublíková, Milada
|7 xx0087140
|4 prf
|
| 700 |
1 |
|
|a Jedlička, Dalibor,
|d 1929-2018
|7 jn19990209304
|4 prf
|
| 700 |
1 |
|
|a Němcová, Marie,
|d 1922-2001
|7 xx0150163
|4 prf
|
| 710 |
2 |
|
|a Noví pěvci madrigalů a komorní hudby (hudební skupina)
|7 pna2006320858
|
| 830 |
|
0 |
|a Gramofonový klub
|
| 910 |
|
|
|a BOA001
|b LP-0004.947
|
| 964 |
|
|
|a Sbory smíšené s doprovodem
|x LP
|
| 964 |
|
|
|a Sbory smíšené a cappella
|x LP
|
| 990 |
|
|
|a AV
|
| 996 |
6 |
|
|b 261H005068
|c LP-0004.947
|l MZK
|r Sklad / do 24 hodin
|n 0
|p kup
|w 000239185
|u 000010
|a 1
|e BOA001
|j MZK50
|s P
|